Catálogo metódico de plantas observadas en Cataluña. (Record no. 37523)

MARC details
000 -LEADER
campo de control de longitud fija 00780nam a2200181 i 4500
001 - NÚMERO DE CONTROL
campo de control 37523
003 - IDENTIFICADOR DE NÚMERO DE CONTROL
campo de control ES-MaACL
005 - FECHA Y HORA DE LA ÚLTIMA TRANSACCIÓN
campo de control 20250720063041.0
007 - CAMPO FIJO DE DESCRIPCIÓN FÍSICA--INFORMACIÓN GENERAL
campo de control de longitud fija t|
008 - DATOS DE LONGITUD FIJA--INFORMACIÓN GENERAL
campo de control de longitud fija 030314s1846 sp ||||1| spa d
100 1# - ENTRADA PRINCIPAL--NOMBRE DE PERSONA
Nombre de persona Colmeiro, Miguel,
Fechas asociadas al nombre 1816-1901
9 (RLIN) 39771
245 10 - MENCIÓN DEL TÍTULO
Título Catálogo metódico de plantas observadas en Cataluña.
Resto del título : particularmente en las inmediaciones de Barcelona... con sus nombres botánicos más usuales... seguido de la nomenclatura catalana de las plantas... /
Mención de responsabilidad, etc. por Miguel Colmeiro.
260 ## - PUBLICACIÓN, DISTRIBUCIÓN, ETC.
Lugar de publicación, distribución, etc. Madrid :
Nombre del editor, distribuidor, etc. Carlos Bailly-Bailliere,
Fecha de publicación, distribución, etc. 1846.
300 ## - DESCRIPCIÓN FÍSICA
Extensión LX, 131, 176, 131 p. ;
Dimensiones 20 cm.
650 #4 - PUNTO DE ACCESO ADICIONAL DE MATERIA--TÉRMINO DE MATERIA
Término de materia o nombre geográfico como elemento de entrada Plantas-
Subdivisión general Nombres vulgares-
Subdivisión geográfica Cataluña.
9 (RLIN) 141825
852 ## - LOCALIZACIÓN
Ubicación ES-MaACL
Número de control de estantería C-12063(1)
condición física . - Encuadernado con otras obras
Holdings
Estatus retirado Estado de pérdida Estado de daño No para préstamo Colección Biblioteca de origen Biblioteca actual Ubicación en estantería Fecha de adquisición Fuente de adquisición Total de préstamos Signatura topográfica completa Código de barras Visto por última vez Precio de reemplazo Tipo de ítem Koha
        Libros del s. XIX Biblioteca del Ateneo de Madrid Biblioteca del Ateneo de Madrid Sala Palomar 17/01/2008     C-12063(1) 1039495 23/02/2023 23/02/2023 Libro impreso antiguo